| 000 | 00906cam a2200277 a 4500 | ||
|---|---|---|---|
| 999 |
_c200450036 _d68248 |
||
| 003 | TR-AnTOB | ||
| 005 | 20220920151305.0 | ||
| 007 | ta | ||
| 008 | 981209s1975 tu a 000 0 tur d | ||
| 040 |
_aBGZ _beng _erda _cTR-AnTOB |
||
| 041 | 0 | _atur | |
| 049 | _aBGZA | ||
| 050 |
_aHF5415.12.T9 _bP39 1975 |
||
| 090 |
_aTOBBK HF5415.12.T9 _bP39 1975 |
||
| 245 | 0 | 0 |
_aPazarlama seminerleri : _b(İzmir-Adana-İstanbul-Eskişehir-Bursa-Denizli-Gaziantep) / _cMilli Prodüktivite Merkezi. |
| 264 |
_aAnkara : _bMPM, _c1975. |
||
| 300 |
_avii, 453 pages : _billustrations ; _c25 cm |
||
| 336 |
_atext _btxt _2rdacontent |
||
| 337 |
_aunmediated _bn _2rdamedia |
||
| 338 |
_avolume _bnc _2rdacarrier |
||
| 440 | 0 |
_aMilli Prodüktivite Merkezi yayınları ; _v140 |
|
| 650 | 0 |
_aPazarlama _zTürkiye _911530 |
|
| 710 | 2 |
_aMilli Prodüktivite Merkezi (Turkey) _930586 |
|
| 942 |
_2z _cBK |
||